| 000 | 00642nam a22001937a 4500 | ||
|---|---|---|---|
| 999 |
_c175815 _d175815 |
||
| 005 | 20201005153348.0 | ||
| 010 | _aUR-10878 | ||
| 020 |
_c500.00 _a9789389733402 |
||
| 035 | _aU-9433 | ||
| 037 | _bDBAD/PUB | ||
| 082 | _a840.8 | ||
| 100 | _aجا و يد ا ختر | ||
| 245 |
_aچر ا غ فکر _cجا و يد ا ختر |
||
| 246 |
_bChiragh-e-Fikr (Urdu) _aby Javed Akhtar |
||
| 260 |
_aN.Delhi _bEducational Publishing House _c2019 ء |
||
| 270 |
_aH.O.D1/16,Ansari Road,Darya ganj, _bN.Delhi _e110002 _k45678285,23216162 _l0091-11-23211540 |
||
| 300 |
_a608 ص _c22 Cm(Hb) |
||
| 942 |
_2ddc _cUR _h840.8 _mج ا و |
||